U.S. Presidents by First Name - Statistics

General Stats
  • This quiz has been taken 96 times
  • The average score is 30 of 46
Answer Stats
Hint Answer % Correct
Washingon George
100%
Adams John
96%
Jefferson Thomas
96%
Lincoln Abraham
85%
Jackson Andrew
85%
Madison James
85%
Kennedy John
81%
Van Buren Martin
79%
Nixon Richard
79%
Monroe James
78%
Adams John Quincy
77%
Bush George H. W.
75%
Reagan Ronald
75%
Roosevelt Theodore
75%
Eisenhower Dwight
74%
Grant Ulysses
74%
Obama Barack
73%
Trump Donald
73%
Bush George W.
73%
Johnson Lyndon
71%
Truman Harry
70%
Carter James (Jimmy)
70%
Buchanan James
68%
Roosevelt Franklin
67%
Harrison William
67%
Clinton William (Bill)
67%
Biden Joseph (Joe)
66%
Taft William (Howard)
64%
Fillmore Millard
63%
Ford Gerald
62%
Johnson Andrew
60%
Hoover Herbert
60%
Polk James
59%
Hayes Rutherford
59%
Arthur Chester
58%
Garfield James
58%
McKinley William
56%
Taylor Zachary
53%
Pierce Franklin
51%
Harding Warren
42%
Harrison Benjamin
41%
Tyler James
38%
Cleveland Stephen (Grover)
26%
Cleveland Stephen (Grover)
25%
Wilson Thomas (Woodrow)
23%
Coolidge John (Calvin)
21%
No matching quizzes found
Score Distribution
Percent of People with Each Score
Percentile by Number Answered
Your Score History
You have not taken this quiz